Introduction To Cosmology (Record no. 326580)

MARC details
000 -LEADER
fixed length control field 00462nam a2200169Ia 4500
008 - FIXED-LENGTH DATA ELEMENTS--GENERAL INFORMATION
fixed length control field 230718s9999 xx 000 0 und d
041 ## - LANGUAGE CODE
Language code of text/sound track or separate title eng
082 ## - DEWEY DECIMAL CLASSIFICATION NUMBER
Classification number 523.1
Item number NAR
100 ## - MAIN ENTRY--PERSONAL NAME
Personal name Narlikar J.V.
9 (RLIN) 121113
245 ## - TITLE STATEMENT
Title Introduction To Cosmology
250 ## - EDITION STATEMENT
Edition statement 3rd Ed.
260 ## - PUBLICATION, DISTRIBUTION, ETC. (IMPRINT)
Date of publication, distribution, etc. 2010
Name of publisher, distributor, etc. Cambridge University Press
300 ## - PHYSICAL DESCRIPTION
Extent 541
365 ## - TRADE PRICE
Currency code Rs.
Price amount 495.00
700 ## - ADDED ENTRY--PERSONAL NAME
Personal name Narlikar J.V.
9 (RLIN) 121113
906 ## - LOCAL DATA ELEMENT F, LDF (RLIN)
d O:0136510-Dec-2010B:630622-Nov-2010
c COMP
b 123.75
Holdings
Withdrawn status Lost status Damaged status Not for loan Home library Current library Date acquired Vendor Budget Code Cost, normal purchase price Bill number Total Checkouts Full call number Barcode Date last seen Date last checked out Discount Cost, replacement price Bill Date Koha item type Original Barcode
        Cummins College of Engineering for Women Pune Cummins College of Engineering for Women Pune 10/12/2010 Tbs COMP 371.25 6306 3 523.1 CCEP-BK-37787 06/12/2025 12/11/2025 123.75 495.00 22/11/2010 Books 037787